Minecraft Nether Advancements - Hints - Statistics

General Stats
  • This quiz has been taken 27 times
    12 since last reset
  • The average score is 12 of 23
Answer Stats
In-Game Description Advancement % Correct
Destroy a Ghast with a fireball Return to Sender
88%
Bring a beacon to full power Beaconator
63%
Get a full suit of Netherite armor Cover Me in Debris
63%
Relieve a Blaze of its rod Into Fire
63%
Brew a potion Local Brewery
63%
Use the Nether to travel 7 km in the Overworld Subspace Bubble
63%
Rescue a Ghast from the Nether, bring it safely home to the Overworld... and then kill it Uneasy Alliance
63%
Loot a chest in a Bastion Remnant War Pigs
63%
Obtain Crying Obsidian Who is Cutting Onions?
63%
Break your way into a Nether Fortress A Terrible Fortress
50%
Construct and place a beacon Bring Home the Beacon
50%
Obtain Ancient Debris Hidden in the Depths
50%
Explore all Nether biomes Hot Tourist Destinations
50%
Bring a beacon to full power How Did We Get Here?
50%
Bring summer clothes Nether
50%
Distract Piglins with gold Oh Shiny
50%
Obtain a Wither Skeleton's skull Spooky Scary Skeleton
50%
Enter a Bastion Remnant Those Were the Days
50%
Summon the Wither Withering Heights
50%
Have every potion effect applied at the same time A Furious Cocktail
38%
Take a Strider for a loooong ride on a lava lake in the Overworld Feels Like Home
38%
Charge a Respawn Anchor to the maximum Not Quite "Nine" Lives
38%
Ride a Strider with a Warped Fungus on a Stick This Boat Has Legs
38%
No matching quizzes found
Score Distribution
Percent of People with Each Score
Percentile by Number Answered
Your Score History
You have not taken this quiz since the last reset